| 000 | 00799nam a2200205 i 4500 | ||
|---|---|---|---|
| 001 | 180191 | ||
| 003 | ES-MaACL | ||
| 005 | 20250710064922.0 | ||
| 007 | t| | ||
| 008 | 120516s1904 fr ||||1| fre d | ||
| 100 | 1 |
_aBrunetière, Ferdinand. _932173 |
|
| 245 | 1 | 0 |
_aÉtudes critiques sur l'histoire de la littérature français. _nDeuxième série / _cpar Ferdinand Brunetière. |
| 250 | _a6e éd. | ||
| 260 |
_aParis : _bLibrairie Hachette et Cie., _c1904. |
||
| 300 |
_a334 p. ; _c18 cm. |
||
| 505 | 8 | _aContiene: Les précieuses. Bossuet et Fénelon. Massillon. Marivaux. La direction de la Librairie sous Malesherbes. Galiani. Diderot. Le théatre de la révolution | |
| 650 | 4 |
_aLiteratura francesa- _xHistoria y crítica _914586 |
|
| 852 |
_aES-MaACL _jF-8414 |
||
| 999 |
_c180191 _d180191 |
||